000
00204nam a2200085Ia 4500
008
120527s9999 xx 000 0 und d
100
_a
Cherlin &Calhonn
245
_a
Public and Private families
942
_c
BK
999
_c
27416
_d
27416